000 00765nam a2200229Ia 4500
003 OSt
005 20220918173842.0
006 a|||||r|||| 00| 0
007 ta
008 220917b |||||||| |||| 00| 0 eng d
024 _a8,676
037 _cTextual
040 _aARTS
_cARTS
_beng
041 _2eng
_aeng
082 _a902jM93, K5-;1-;2
100 _aGajendragadkar S N
_947867
245 0 _aH D Velankar commemoration volume
_b a volume of indological studies by his students presented to Prof H D Velankar on the occasion of his 72nd birthday on the 3rd October 1965
260 _c1962
700 _a Upadhyaya S A ed
_947868
942 _h902jM93, K5-;1-;2
_cTEXL
_2CC
999 _c150433
_d150433